Nuevo Diccionario de Cuyas (Registro nro. 3930)

Detalles MARC
000 -LEADER
fixed length control field 00804 a2200253 4500
001 - CONTROL NUMBER
control field 45454
005 - DATE AND TIME OF LATEST TRANSACTION
control field 20260407155727.0
008 - FIXED-LENGTH DATA ELEMENTS--GENERAL INFORMATION
fixed length control field 260407a1972 arg spa d
003 - CONTROL NUMBER IDENTIFIER
control field AR-UNSa-BCEJYS
040 ## - CATALOGING SOURCE
Original cataloging agency AR-UNSa-BCEJYS
Language of cataloging spa
Transcribing agency AR-UNSa-BCEJYS
080 ## - UNIVERSAL DECIMAL CLASSIFICATION NUMBER
Universal Decimal Classification number (038.2)=111
Common auxiliary subdivision Diccionario bilingüe español-inglés, inglés-español
020 ## - INTERNATIONAL STANDARD BOOK NUMBER
International Standard Book Number 0-13-611756-2
041 ## - LANGUAGE CODE
Language code of text/sound track or separate title spa
100 1# - MAIN ENTRY--PERSONAL NAME
Personal name Brett, Lewis E.
245 10 - TITLE STATEMENT
Title Nuevo Diccionario de Cuyas
Name of part/section of a work Inglés-Español y Español- Inglés de Appleton
250 ## - EDITION STATEMENT
Edition statement 5a. ed.
264 #1 - PRODUCTION, PUBLICATION, DISTRIBUTION, MANUFACTURE, AND COPYRIGHT NOTICE
Place of production, publication, distribution, manufacture New Jersey :
Name of producer, publisher, distributor, manufacturer Prentice/Hall Internacional
Date of production, publication, distribution, manufacture, or copyright notice 1972
300 ## - PHYSICAL DESCRIPTION
Extent xxviii, 698 - xxix, 589 p.
Dimensions 24 cm.
590 ## - LOCAL NOTE (RLIN)
Local note niveau_biblio:m niveau_hierar:0
700 1# - ADDED ENTRY--PERSONAL NAME
Personal name Cuyás, Arturo
700 1# - ADDED ENTRY--PERSONAL NAME
Personal name Eaton, Helen S.
700 1# - ADDED ENTRY--PERSONAL NAME
Personal name Beveraggi Allende, Walter
942 ## - ADDED ENTRY ELEMENTS (KOHA)
Koha item type
Existencias
Withdrawn status Lost status Damaged status Not for loan Home library Current library Shelving location Date acquired Total checkouts Full call number Barcode Date last seen Price effective from Koha item type
        Biblioteca Prof. Eusebio Cleto del Rey Biblioteca Prof. Eusebio Cleto del Rey   07/04/2026   R(038.2)=111 C993 5ed. L127109 07/04/2026 07/04/2026 Libro